| 000 | 01936nam a2200289Ia 4500 | ||
|---|---|---|---|
| 999 |
_c55205 _d55205 |
||
| 001 | 22280 | ||
| 003 | GE_BSU | ||
| 005 | 20230223174756.0 | ||
| 008 | 181216s2016||||ge |||||||||||||| ||geo|| | ||
| 020 | _a9789941468063 | ||
| 040 | _cGE_BSU | ||
| 041 | _ageo | ||
| 080 | _a327(3-11)+94(3-11)+821.14'01.09-13 დ-90 | ||
| 100 |
_aდულარიძე, თეა _917018 |
||
| 245 |
_aელჩობა ძველ აღმოსავლურ ტრადიციასა და ჰომეროსის ეპოსში / _cთეა დულარიძე ; რედაქტორი : ნანა ტონია, თამარ ჭეიშვილი. |
||
| 264 |
_aთბილისი : _bლოგოსი, _c2016. |
||
| 300 |
_a304 გვ. ; _c20 სმ. |
||
| 490 | _aპროგრამა "ლოგოსი" | ||
| 500 | _aპუბლიკაციები და ღონისძიებები კლასიკური ფილოლოგიის, ბიზანტინისტიკისა და ნეოგრეცისტიკის სფეროში | ||
| 541 | _h10 ლ. | ||
| 653 | _aელჩობა ძველ აღმოსავლურ ტრადიციასა და ჰომეროსის ეპოსში | ||
| 653 | _aპოლიტიკა | ||
| 700 |
_aტონია, ნანა _eრედაქტორი _917019 |
||
| 700 |
_aჭეიშვილი, თამარ _eრედაქტორი _910070 |
||
| 710 |
_aივანე ჯავახიშვილის სახელობის თბილისის სახელმწიფო უნივერსიტეტი _bკლასიკური ფილოლოგიის, ბიზანტინისტიკისა და ნეოგრეცისტიკის ინსტიტუტი _913867 |
||
| 942 |
_cBK _2udc |
||